000 00432nam a2200169Ia 4500
003 GCL
008 140319s9999 xx 000 0 eng d
040 _aGCL /
_cGCL
082 0 4 _a616.12
_bH E
100 1 _aHAMPTON, JOHN R.
245 1 0 _aTHE E C G MADE EASY /
_cHAMPTON, JOHN R.
260 _a[S.N] :
_bCHURCHILL LIVINGSTONE ،
_c1992
300 _a106 P
650 0 4 _aCARDIOLOGY
650 0 4 _aHEART DISEASES
942 _2ddc
_cBK
999 _c21391
_d21391